000 00355nam a22001457a 4500
003 OSt
005 20160727222522.0
008 160709b xxu||||| |||| 00| 0 eng d
040 _cTEST
100 _92492
_a Salwi, D.M
245 _aScientists of India
260 _aN.D
_b Children Books Trust
_c2003
300 _aScientists of India
942 _2ddc
_cBK
999 _c2159
_d2159